[Event "Cardiff Welsh op"]
[Site "Cardiff"]
[Date "2023.04.10"]
[Round "6"]
[White "Head, Elliot"]
[Black "Bickford, Ben"]
[Result "0-1"]
[WhiteElo "1168"]
[BlackElo "1482"]
[PlyCount "66"]
[EventDate "2023.04.07"]
[EventType "swiss"]
[EventRounds "7"]
[EventCountry "WLS"]
[SourceTitle "EXT 2024"]
[Source "ChessBase"]
[SourceDate "2023.10.10"]
[SourceVersion "1"]
[SourceVersionDate "2023.10.10"]
[SourceQuality "1"]

1. Nc3 e5 2. e4 Nc6 3. Bc4 Nf6 4. d3 d6 5. f4 exf4 6. Bxf4 Ne5 7. Bb3 Bg4 8. Nge2 Be7 9. 0-0 0-0 10. Qd2 Ng6 11. Bg5 Bxe2 12. Qxe2 Nd7 13. Be3 Nc5 14. Bc4 Ne5 15. d4 Nxc4 16. Qxc4 Na6 17. Rf3 Bg5 18. Bxg5 Qxg5 19. Raf1 Qg6 20. Nd5 Rae8 21. e5 dxe5 22. dxe5 c6 23. Nc3 Qe6 24. Qxe6 Rxe6 25. Rd3 Nc5 26. Re3 Rfe8 27. Rfe1 Nd7 28. Rd1 Nxe5 29. Na4 g6 30. Nc5 R6e7 31. Rde1 Nf3+ 32. Kf2 Nxe1 33. Rxe1 Rxe1 0-1

[Event "Cardiff Welsh op"]
[Site "Cardiff"]
[Date "2023.04.08"]
[Round "3"]
[White "Head, Elliot"]
[Black "Sharhorodsky, Yaroslav"]
[Result "1-0"]
[WhiteElo "1168"]
[BlackElo "1476"]
[PlyCount "57"]
[EventDate "2023.04.07"]
[EventType "swiss"]
[EventRounds "7"]
[EventCountry "WLS"]
[SourceTitle "EXT 2024"]
[Source "ChessBase"]
[SourceDate "2023.10.10"]
[SourceVersion "1"]
[SourceVersionDate "2023.10.10"]
[SourceQuality "1"]

1. e4 c6 2. d4 d5 3. exd5 cxd5 4. Bd3 Nc6 5. c3 Nf6 6. Nf3 Bg4 7. 0-0 e6 8. Bg5 Be7 9. Nbd2 Qb6 10. Qc2 Bh5 11. Rfe1 Bg6 12. Bxg6 hxg6 13. Bf4 0-0-0 14. a4 Bd6 15. Ne5 Bxe5 16. dxe5 Ng4 17. Nf3 Rh5 18. h3 Nh6 19. Nd4 Nxd4 20. cxd4+ Kb8 21. Rac1 Nf5 22. Red1 g5 23. Bh2 Rh4 24. g4 Ne7 25. Kg2 Rdh8 26. Rd3 Nc6 27. Qd2 Qb4 28. Qxg5 Nxd4 29. Qf4 1-0

[Event "Cardiff Welsh Spring op"]
[Site "Cardiff"]
[Date "2023.03.04"]
[Round "1"]
[White "Head, Elliot"]
[Black "Chong, Kimberly"]
[Result "0-1"]
[WhiteElo "1168"]
[BlackElo "1699"]
[PlyCount "54"]
[EventDate "2023.03.04"]
[EventType "swiss"]
[EventRounds "5"]
[EventCountry "WLS"]
[SourceTitle "EXT 2024"]
[Source "ChessBase"]
[SourceDate "2023.10.10"]
[SourceVersion "1"]
[SourceVersionDate "2023.10.10"]
[SourceQuality "1"]

1. e4 d5 2. exd5 Nf6 3. Nc3 Nxd5 4. Nxd5 Qxd5 5. Nf3 Nc6 6. Be2 e5 7. b3 e4 8. Ng1 Bc5 9. Bb2 Qg5 10. g3 Qf5 11. f3 Nd4 12. Bxd4 Bxd4 13. c3 Bxg1 14. Rxg1 Qc5 15. Rh1 Bh3 16. fxe4 Bg2 17. Rf1 Bxf1 18. Bxf1 0-0-0 19. Qc2 Qh5 20. h4 Qf3 21. d4 Qxg3+ 22. Kd2 Qxh4 23. Bc4 Rhe8 24. e5 Rxe5 25. Rf1 f5 26. Rxf5 Qe1+ 27. Kd3 Re3# 0-1

[Event "Cardiff Welsh Spring op"]
[Site "Cardiff"]
[Date "2023.03.04"]
[Round "2"]
[White "Jones, Gavin"]
[Black "Head, Elliot"]
[Result "1/2-1/2"]
[WhiteElo "1531"]
[BlackElo "1168"]
[PlyCount "62"]
[EventDate "2023.03.04"]
[EventType "swiss"]
[EventRounds "5"]
[EventCountry "WLS"]
[SourceTitle "EXT 2024"]
[Source "ChessBase"]
[SourceDate "2023.10.10"]
[SourceVersion "1"]
[SourceVersionDate "2023.10.10"]
[SourceQuality "1"]

1. e4 e5 2. Nf3 Nc6 3. Bc4 Bc5 4. 0-0 Nf6 5. d3 d6 6. c3 Bb6 7. b4 a6 8. Qb3 0-0 9. Be3 Ba7 10. h3 Re8 11. a4 Be6 12. Nbd2 Qd7 13. Bxa7 Nxa7 14. Ng5 h6 15. Nxe6 fxe6 16. d4 exd4 17. cxd4 d5 18. exd5 exd5 19. Bd3 Re7 20. Nf3 Nc6 21. b5 axb5 22. axb5 Rxa1 23. Rxa1 Nd8 24. Ne5 Qd6 25. Ra8 Re8 26. Bg6 Rf8 27. Qd3 Ne6 28. Rxf8+ Kxf8 29. Qf5 Ke7 30. Qd3 Nf4 31. Qe3 Nxg6 1/2-1/2